00266nam a2200109 a 4500008004100000050001500041100002200056245002800078246003200106260000900138350000900147120416s1977 xx |||||||||||||| || u aHB 172 Hin aHines, Lawrence G14aThe persuation of price aintroductory microeconomics c1977 a0.00